000 00504cam a2200205ua 4500
001 2032
008 141126n ii |||gr||||Z||||||asm
020 _a978-81-7331-070-6
040 _cMAIN
041 _aasm
082 _a370.1
100 _aBaruah, Jatin,
_eAuthor.
245 _aShiksha tattva adhyayan
_cby Jatin Baruah
250 _a12th.
260 _aGuahati:
_bLawyers book stall,
_c2008.
300 _a468p:
_c23cm.
653 _aEducation
653 _aShiksha tattva adhyayan
942 _cBK
999 _c1903
_d1903